LEADER 01109nam 2200325Ia 450 001 996387921803316 005 20221108063132.0 035 $a(CKB)1000000000630013 035 $a(EEBO)2240920925 035 $a(OCoLC)12009551 035 $a(EXLCZ)991000000000630013 100 $a19850508d1644 uy | 101 0 $aeng 135 $aurbn||||a|bb| 200 10$aReformation of church-government in Scotland$b[electronic resource] $ecleered from some mistakes and prejudices by the commissioners of the genral assembly of the Church of Scotland, now at London 210 $a[London] $cPrinted for Robert Bostock ...$d1644 215 $a[2], 26 p 300 $aAttributed to Alexander Henderson. Cf. DNB. 300 $aReproduction of original in Thomason Collection, British Library. 330 $aeebo-0158 701 $aHenderson$b Alexander$f1583?-1646.$01003757 801 0$bEAA 801 1$bEAA 801 2$bm/c 801 2$bUMI 801 2$bWaOLN 906 $aBOOK 912 $a996387921803316 996 $aReformation of church-government in Scotland$92407014 997 $aUNISA LEADER 00943nam a2200265 i 4500 001 991002011779707536 005 20020508185011.0 008 940610s1990 us ||| | eng 020 $a0801838630 035 $ab10946135-39ule_inst 035 $aPARLA152864$9ExL 040 $aDip.to Filol. Class. e Med.$bita 082 0 $a292 100 1 $aEdmunds, Lowell$0206633 245 10$aApproaches to greek myth /$cedited and introduced by Lowell Edmunds 260 $aBaltimore ; London :$bThe John Hopkins University Press,$c1990 300 $a448 p. :$bill. ;$c24 cm. 650 4$aMitologia 650 4$aReligione greca 907 $a.b10946135$b21-09-06$c28-06-02 912 $a991002011779707536 945 $aLE007 292 EDM 01.01$g1$i2007000015513$lle007$o-$pE0.00$q-$rl$s- $t0$u2$v0$w2$x0$y.i11053422$z28-06-02 996 $aApproaches to greek myth$9919273 997 $aUNISALENTO 998 $ale007$b01-01-94$cm$da $e-$feng$gus $h0$i1